000 00762nam a22002297a 4500
003 UA-OsUOA
001 27356
007 ta
008 20040625b un ||||| |||| 00| 0 ukr d
090 _a342.7(094)
_bЗ-41
942 _cBK
040 _aUA-OsUOA
_bukr
_cUA-OsUOA
_dUA-OsUOA
245 _aЗбірник нормативно-консультативного спрямування з методико-психологічних та юридичних питань для молодих людей з вадами здоров'я
300 _a64 с.
955 _a0
041 _aukr
080 _a342.7(094)
260 _aРівне
_bОЦ Соціальна служба молоді
_c2000
044 _aUA
650 7 _2UDC
999 _c313700
_d313700